Comunicación estratégica (Registro nro. 317062)

Detalles MARC
000 -ENCABEZADO
Número de control [NR] 01726nam a2200421 c 4500
005 - FECHA Y HORA DE LA ÚLTIMA TRANSACCIÓN
control field 20200329155747.0
008 - DE LONGITUD FIJA DE DATOS DE ELEMENTOS - INFORMACIÓN GENERAL
Elementos de longitud fija [NR] 200304s2019 ck a|||gr|||| 00| 0 spa d
020 ## - NUMERO INTERNACIONAL NORMALIZADO PARA LIBROS [R]
Número Internacional Normalizado del libro [NR] 9789585511620
020 ## - NUMERO INTERNACIONAL NORMALIZADO PARA LIBROS [R]
Número Internacional Normalizado del libro [NR] 9789585511637
040 ## - FUENTE DE CATALOGACION [NR]
Agencia de catalogación original [NR] CO-BoUCM
Idioma de catalogación [NR] spa
Quien Cataloga Deissy Garcia
Quien Clasifica Deissy Garcia
041 0# - CODIGO DE IDIOMA [R]
Código de idioma para texto/pista de sonido o título separado [R] Español
100 1# - ASIENTO PRINCIPAL--NOMBRE PERSONAL [NR]
Nombre personal [NR] Almansa Martínez, Ana María
ID Autoridad 100096
245 10 - MENCION DE TITULO [NR]
Título [NR] Comunicación estratégica
Parte restante del título [NR] interfaz relacional entre organizaciones y sus stakeholders
Mención de responsabilidad, etc. [NR] Ana María Almansa Martínez, Adriana Amado ...[y otros 15], Coordinación Haydée Guzmán Ramírez, Raúl Herrera Echenique
260 ## - PUBLICACION, DISTRIBUCION, ETC. (PIE DE IMPRENTA) [R]
Nombre del editor, distribuidor, etc. [R] Universidad Sergio Arboleda
Fecha de publicación, distribución, etc. [R] 2019
Lugar de publicación, distribución, etc. [R] Bogotá
300 ## - DESCRIPCION FISICA [R]
Extensión [R] 263 páginas
Otros detalles físicos [NR] ilustraciones
504 ## - NOTA DE BIBLIOGRAFIA, ETC. [R]
Nota de bibliografía, etc. [NR] Incluye referencias bibliográficas
650 17 - ASIENTO SECUNDARIO DE MATERIA - TERMINO TEMATICO [R]
9 (RLIN) 11385
Término temático o nombre geográfico como elemento de entrada [NR] Comunicación organizacional
650 17 - ASIENTO SECUNDARIO DE MATERIA - TERMINO TEMATICO [R]
9 (RLIN) 100097
Término temático o nombre geográfico como elemento de entrada [NR] Planificación de la comunicación
650 17 - ASIENTO SECUNDARIO DE MATERIA - TERMINO TEMATICO [R]
9 (RLIN) 11353
Término temático o nombre geográfico como elemento de entrada [NR] Comunicación en administración
700 1# - ASIENTO SECUNDARIO - NOMBRE PERSONAL [R]
Nombre personal [NR] Amado, Adriana
9 (RLIN) 52978
700 1# - ASIENTO SECUNDARIO - NOMBRE PERSONAL [R]
Nombre personal [NR] Arribas, Amaia
9 (RLIN) 100098
700 1# - ASIENTO SECUNDARIO - NOMBRE PERSONAL [R]
Nombre personal [NR] Bendezú Untiveros, Raúl
9 (RLIN) 100099
700 1# - ASIENTO SECUNDARIO - NOMBRE PERSONAL [R]
Nombre personal [NR] Bernal Acevedo, Diana
9 (RLIN) 100100
700 1# - ASIENTO SECUNDARIO - NOMBRE PERSONAL [R]
Nombre personal [NR] Castillero-Ostio Elizabeth
9 (RLIN) 100101
700 1# - ASIENTO SECUNDARIO - NOMBRE PERSONAL [R]
Nombre personal [NR] Cisneros Martínez, Nancy
9 (RLIN) 100102
700 1# - ASIENTO SECUNDARIO - NOMBRE PERSONAL [R]
Nombre personal [NR] De Farias, Luiz Alberto
9 (RLIN) 100103
700 1# - ASIENTO SECUNDARIO - NOMBRE PERSONAL [R]
Nombre personal [NR] Durán Bravo, Patricia
9 (RLIN) 100104
700 1# - ASIENTO SECUNDARIO - NOMBRE PERSONAL [R]
Nombre personal [NR] Islas, Octavio
9 (RLIN) 100105
700 1# - ASIENTO SECUNDARIO - NOMBRE PERSONAL [R]
Nombre personal [NR] Bárbara Miano
9 (RLIN) 100106
700 1# - ASIENTO SECUNDARIO - NOMBRE PERSONAL [R]
Nombre personal [NR] Nassar, Paulo
9 (RLIN) 100107
700 1# - ASIENTO SECUNDARIO - NOMBRE PERSONAL [R]
Nombre personal [NR] Pancardo, Raúl
9 (RLIN) 100108
700 1# - ASIENTO SECUNDARIO - NOMBRE PERSONAL [R]
Nombre personal [NR] Pérez, Rafael Alberto
9 (RLIN) 100109
700 1# - ASIENTO SECUNDARIO - NOMBRE PERSONAL [R]
Nombre personal [NR] Valle, Dune
9 (RLIN) 100110
700 1# - ASIENTO SECUNDARIO - NOMBRE PERSONAL [R]
Nombre personal [NR] Guzmán Ramírez, Haydée
Término de relación [R] coordinador
9 (RLIN) 100111
700 1# - ASIENTO SECUNDARIO - NOMBRE PERSONAL [R]
Nombre personal [NR] Herrera Echenchique, Raúl
Término de relación [R] coordinador
9 (RLIN) 100112
942 ## - ELEMENTOS DE ENTRADA AGREGADOS (KOHA)
Tipo de ítem principal el descrito en 300a Libro
Sistema de clasificación DEWEY
Tema principal Administración
Edición 20
Clasificación 658.45
Parte restante de la signatura top. A445c
Existencias
Signatura topográfica Código de barras Última vez visto Ejemplar Costo de reposición Price effective from Tipo de ítem Perdido Sistema de clasificación Dañado No prestable Tipo de ítem específico Suprimido Ubicación habitual Ubicación actual Localización Fecha de creación Proveedor Forma de adquisición Costo
658.45 A445c 100165609 04/12/2025 Ej.1 26000.00 27/01/2020 Libro   DEWEY     Libro   Claustro Claustro 4to piso 27/01/2020 12 Donación 0.00